000 01106naa a22002657a 4500
001 BR9404197
003 BR-BrBNA
005 20240918181227.0
007 ta
008 230509b bl.||||| |||| 00| 0 por d
040 _aBR-BrBNA
_bpor
_cBiblioteca Nacional de Agricultura
041 _a(Pt)
072 _aH01
_b4020
090 _aH01 BR9404197
100 1 _aQuadros, J.L. de
111 1 _aConferencia Regional da Vespa da Madeira, Sirex noctilio, na America do Sul
_c23-27 Nov 1992
_dFlorianopolis, SC (Brazil)
245 1 _aHistorico e constituicao do Fundo Nacional de Controle a Vespa-da-Madeira - FUNCEMA
260 3 _aColombo, PR (Brasil):
_c1993.
500 _aAnais da Conferencia Regional da Vespa da Madeira, Sirex noctilio, na America do Sul Colombo, PR (Brasil): 1993. p. 257-261 (BR9404197-AM)H01
650 _aVespa-da-Madeira
650 _aInspecao Sanitaria
773 0 _tAnais da Conferencia Regional da Vespa da Madeira, Sirex noctilio, na America do Sul
_wH01 BR9404197
_gColombo, PR (Brasil), 1993. p. 257-261
909 _a202404
_bLucia
_c55
_dLucia Elande
942 _cAM
_2AGRIS
999 _c324226
_d324226